000 00680nam a2200277 a 4500
003 AR-BaBNM
005 20251128202904.0
008 082120s2002 ||||||||||||||000 | spa||
020 _a950-16-5116-9
040 _cAR-BaBNM
100 1 _aLynch, Benito
245 0 0 _aEl inglés de los güesos
260 _aBuenos Aires
_bTroquel
_c1998
300 _a280 p.
490 0 _aBiblioteca ¡Viva la tinta!
500 _aContiene glosario
650 4 _aLITERATURA ARGENTINA
650 4 _aREALISMO
650 4 _aPAMPAS
650 4 _aRECURSOS LINGUISTICOS
650 4 _aMARGINALIDAD SOCIAL
653 _aGAUCHOS
655 _aLITERATURA
942 _cBK
998 _cMARTIN
999 _c1061
_d1061